| 000 | 00728nam a2200277Ia 4500 | ||
|---|---|---|---|
| 008 | 160803s9999 xx 000 0 und d | ||
| 020 | _a9780439706049 | ||
| 100 | _aGarland, Michael | ||
| 245 | 4 | _aThe mouse before Christmas / | |
| 245 | _cMichael Garland. | ||
| 260 | _aNew York : | ||
| 260 | _bScholastic Inc. | ||
| 260 | _c1997 | ||
| 300 | _a1 volume (unpaged) : | ||
| 300 | _bcolor illustrations ; | ||
| 300 | _c26 cm | ||
| 500 | _aOriginally published: New York : Dutton Children's Books, ©1997. | ||
| 650 | _aChristmas -- | ||
| 650 | _aMice -- | ||
| 650 | _aSanta Claus -- | ||
| 650 | _aStories in rhyme. | ||
| 650 | _xFiction. | ||
| 650 | _xFiction. | ||
| 650 | _xFiction. | ||
| 700 | _a680 | ||
| 999 |
_c298183 _d298183 |
||